000 00861nam a2200289 a 4500
999 _c5912
_d5912
001 010470673
003 UkOxU
005 20220908130618.0
008 500101r19891988enk 000 0 eng d
015 _aGB 90-47238
020 _a0748702687
035 _aCURL 990748702687(Bnb) from sac019
040 _cAlupe university
050 _aR131
_b.M3 1990
082 _a610.9
_220
092 _aD0400933651
100 1 _aMantin, Peter.
245 1 0 _aMedicine through the ages /
_cPeter Mantin, Richard Pulley
260 _aCheltenham :
_bThornes,
_c1988
300 _a127 p. :
_bill. ;
_c28 cm
490 0 _aThornes history series
504 _aOriginally published: London : Hutchinson educational, 1988
650 0 _aMedicine
_xHistory
700 1 _aPulley, Richard.
942 _2lcc
_cBK
_nGN